000 00356nam a2200133Ia 4500
008 220217s9999||||xx |||||||||||||| ||und||
020 _a81-317-0229-4
082 _a005.73 LAN
100 _atenenbaum, Aaronn
245 0 _aData structures using C
260 _aPrentice hall of india
_bNew Delhi
_c2007
300 _b260
650 _aDATA STRUCTURES
999 _c176500
_d176500